FIFA WM-Finalisten - Statistiken

Allgemein
  • Dieses Quiz wurde 1.365 mal gespielt
  • Das Durchschnittsergebnis liegt bei 39 aus 42
Antwortstatistiken
Woher? Wann? Gewinner % Korrekt
Rio de Janeiro 2014 Deutschland
99%
Deutschland
99%
Saint-Denis 1998 Frankreich
99%
Moskau 2018 Frankreich
99%
Frankreich
99%
Bern 1954 West Deutschland
99%
München 1974 West Deutschland
99%
Rom 1990 West Deutschland
99%
West Deutschland
99%
West Deutschland
99%
West Deutschland
99%
Buenos Aires 1978 Argentinien
98%
Mexiko-Stadt 1986 Argentinien
98%
Argentinien
98%
Argentinien
98%
Argentinien
98%
Solna 1958 Brasilien
98%
Santiago de Chile 1962 Brasilien
98%
Mexiko-Stadt 1970 Brasilien
98%
Pasadena 1994 Brasilien
98%
Yokohama 2002 Brasilien
98%
Brasilien
98%
Brasilien
98%
Rom 1934 Italien
98%
Paris 1938 Italien
98%
Madrid 1982 Italien
98%
Berlin 2006 Italien
98%
Italien
98%
Italien
98%
Johannesburg 2010 Spanien
97%
London 1966 England
94%
Kroatien
94%
Montevideo 1930 Uruguay
93%
Rio de Janeiro 1950 Uruguay
93%
Niederlande
91%
Niederlande
91%
Niederlande
91%
Ungarn
76%
Ungarn
76%
Schweden
59%
Tschechoslowakei
35%
Tschechoslowakei
35%
Keine übereinstimmenden Quizze gefunden
Verteilung der Resultate
Anzahl Personen mit jedem Resultat
Perzentil nach korrekt beantworteten Fragen
Ihre Resultats-Entwicklung
Sie haben dieses Quiz noch nicht gespielt